| 000 | 00655nam a2200193Ii 4500 | ||
|---|---|---|---|
| 003 | JO-AjNU | ||
| 008 | 230605s9999||||xx |||||||||||||| ||und|| | ||
| 040 |
_aJO-AjNU _bara _erda _cJO-AjNU |
||
| 041 | _aara | ||
| 050 | 1 | 4 | _aHE551.S4 |
| 100 | 3 |
_aالشرقاوي،علي, _eauthor _914099 |
|
| 245 | 0 | 0 | _aتنظيم وادارة الموانىء |
| 264 | 3 | 1 | _aالاسكندرية:مؤسسة شباب الجامعة |
| 300 |
_a241ص _bيحتوي على ببلوغرافية من ص227-241ص |
||
| 336 |
_atext _btxt _2rdacontent |
||
| 337 |
_aunmediated _bn _2rdamedia |
||
| 338 |
_avolume _bnc _2rdacarrier |
||
| 650 | 4 |
_aنقل بحري-موانىء _914100 |
|
| 999 |
_aA3680 _c7248 _d7248 |
||